| 000 | 01669nam a2200409 a 4500 | ||
|---|---|---|---|
| 001 | vtls000374292 | ||
| 003 | NLI | ||
| 005 | 20210602175735.0 | ||
| 008 | 110113s2008 pauda e 001 0 eng | ||
| 020 |
_a1599046242 _c$180.00 |
||
| 039 | 9 |
_y201101132300 _zVLOAD |
|
| 040 |
_aNLI : _beng _cNLMARC21 |
||
| 041 | 0 | _aeng | |
| 044 | _apau | ||
| 082 | 0 | 4 |
_a384.51 _222 |
| 245 | 0 | 0 |
_aCommerce in space : _binfrastructures, technologies, and applications/ _ced.: Phillip Olla |
| 260 |
_aHershey, Pa. : _bInformation Science Reference, _cc2008 |
||
| 300 |
_axxii, 376 p. : _bill.; _c29 cm. |
||
| 500 | _a"This book explains the role of earth observation satellite initiatives to meet information needs. it details the importance of the space infrastructure to deliver IT capabilities such as mobile broadband internet and mobile communication connectivity; it also offers a review of how space technology can influence the future of IT architecture in health, education, logistics, business, and accounting" | ||
| 504 | _aIncludes bibliographical references and index | ||
| 650 | 0 |
_aArtificial satellites in telecommunication _935600 |
|
| 650 | 0 |
_aGlobal positioning system _94494 |
|
| 650 | 0 |
_aRemote sensing _94653 |
|
| 650 | 0 |
_aSpace industrialization _9556053 |
|
| 650 | 0 |
_aSpace tourism _9556054 |
|
| 650 | 0 | _aAstronautics and civilization | |
| 650 | 0 |
_aAstronautics _xSocial aspects _9556055 |
|
| 700 | 1 |
_aOlla, Phillip _4edt _9556056 |
|
| 887 | _aUma sg | ||
| 901 |
_a558727 _b23.02.08 |
||
| 902 | _aE/O 384.51 C 736 | ||
| 904 | _aUma | ||
| 905 | _asg | ||
| 942 |
_2ddc _cBKS |
||
| 949 |
_AVIRTUAITEM _D10012 _X100 _6558727 |
||
| 999 |
_aVIRTUA40 _c330516 _d330516 |
||